| 000 | 00655nam a22001937a 4500 | ||
|---|---|---|---|
| 003 | OSt | ||
| 005 | 20240830115830.0 | ||
| 008 | 240830b ||||| |||| 00| 0 eng d | ||
| 040 | _cAIMIT LIBRARY | ||
| 100 |
_aK B Eljo. _e2216056 _9178247 |
||
| 245 |
_aStudy on stock market volatility of indian multinational corporations / _cBy Eljo K B ; Guided by Gowthami. |
||
| 260 |
_aMangalore ; _c2024. |
||
| 650 |
_aLiterature review _9178248 |
||
| 650 |
_aReearch methodology _9178249 |
||
| 650 |
_aData analysis and interpretation _9178250 |
||
| 700 |
_aGowthami. _eGuide _9178251 |
||
| 856 |
_3Econo broking pvt ltd _uwww.econobroking.com |
||
| 942 |
_2ddc _cPRO |
||
| 999 |
_c231656 _d231656 |
||